| Registos Bibliográficos associados ao registo de autoridade |
|
Etiqueta de registo: 00000nam 2200025 450 001 2279799 003 http://id.bnportugal.gov.pt/bib/catbnp/2279799 100 ## $a20260312d2025 k y0pory01030103ba 101 0# $aeng$dpor 102 ## $aPT 105 ## $aa m 000yy 106 ## $ar 200 1# $aHydrodynamic interactions between waves and ships in restricted waterways$fHossam Salah Youssef Abdelwahab$gorient. Carlos António Pancada Guedes Soares 210 #9 $aLisboa$c[s.n.],$d2025 215 ## $aXXII, 366 p.$cil.$d30 cm 328 #1 $aTese dout. Naval Architecture and Ocean Engineering, Instituto Superior Técnico, Universidade
de Lisboa, 2025 675 ## $a551.465(043)$vBN$zpor$31245686 675 ## $a629.5(043)$vBN$zpor$3909024 700 #1 $aHossam,$bSalah Youssef Abdelwahab$31991087 702 #1 $aSoares,$bC. Guedes$4727$31030187 801 #0 $aPT$bBN$gRPC 966 ## $lBN$mFGMON$sS.A. 193507 V.$x1 971 ## $corlando$d20260312 973 ## $cigoulao$d20260413
|
|
|